| 000 | 01058cab a2200289 4500 | ||
|---|---|---|---|
| 001 | ABS59929 | ||
| 008 | 090401t1999 xxu||||| |||| 00| 0 eng d | ||
| 035 | _a(Sirsi) u90895 | ||
| 041 | _aeng | ||
| 100 | _aSeidl, A. | ||
| 245 | _aLure of the retail goldmine | ||
| 260 | _c1999 | ||
| 350 | _a0 | ||
| 490 |
_aEstates Gazette _v(9903) 23 January 1999, 60-61(2) |
||
| 520 | _aInvestigates the continuing popularity of shopping centres for investors, following the record-breaking year for the sector in 1998. Predicts that conditions in 1999 will continue to favour shopping centre investment. Graphs. | ||
| 650 | _aPROPERTY-COMMERCIAL PROPERTY-COMMERCIAL PROPERTY MARKET | ||
| 650 | _aINVESTMENT MARKET | ||
| 650 | _aJOINT VENTURES | ||
| 650 | _aPROPERTY-COMMERCIAL PROPERTY-RETAIL PROPERTY-RETAIL PROPERTY MARKET | ||
| 650 | _aSHARED OWNERSHIP | ||
| 650 | _aSHOPPING CENTRES | ||
| 650 | _aTRANSACTIONS | ||
| 690 | _aPROPERTY-COMMERCIAL PROPERTY-COMMERCIAL PROPERTY MARKET | ||
| 700 | _aRoberts, J. | ||
| 942 | _n0 | ||
| 948 | _c26/01/1999 | ||
| 999 |
_c57658 _d57658 |
||